Seeds and world agricultural progress (Record no. 428167)

000 -LEADER
fixed length control field 00326cam a22001097a 4500
008 - FIXED-LENGTH DATA ELEMENTS--GENERAL INFORMATION
fixed length control field 180718b1987 xxu||||| |||| 00| 0 eng d
082 ## - DEWEY DECIMAL CLASSIFICATION NUMBER
Classification number Z22 M229
100 ## - MAIN ENTRY--PERSONAL NAME
Personal name McMullen, Neil
245 ## - TITLE STATEMENT
Title Seeds and world agricultural progress
Statement of responsibility, etc. by Neil McMullen
260 ## - PUBLICATION, DISTRIBUTION, ETC.
Place of publication, distribution, etc. Washington
Name of publisher, distributor, etc. National Publishing Corporation
Date of publication, distribution, etc. 1987
300 ## - PHYSICAL DESCRIPTION
Extent 263+p.
Holdings
Withdrawn status Lost status Damaged status Not for loan Permanent Location Current Location Date acquired Full call number Barcode Date last seen Price effective from Koha item type
        Indian Institute of Public Administration Indian Institute of Public Administration 2009-12-07 Z22 M229 64616 2018-07-21 2018-07-21 Book

Powered by Koha